| 000 | 00559nam a22001695i 4500 | ||
|---|---|---|---|
| 001 | 166823 | ||
| 003 | ES-MaACL | ||
| 005 | 20230906213417.0 | ||
| 008 | 990201s1888 sp |||| | spa d | ||
| 040 |
_aCCPB | B _bspa _cCCPB | B |
||
| 100 | 1 |
_aUtrilla y Calvo, Francisco. _9133472 |
|
| 245 | 1 | 3 |
_aLa fuerza de un librejo _b: novela original / _cpor Francisco Utrilla y Calvo. |
| 260 |
_aMadrid : _b[s.n.], _c1888 ( _fImprenta de M. P. Montoya) |
||
| 300 |
_a532 p. ; _c18 cm. |
||
| 752 |
_aEspaƱa - _dMadrid |
||
| 852 |
_aES-MaACL _jF-11267 _z-- Enc. pasta |
||
| 999 |
_c166823 _d166823 |
||